Kapunyitás előtt
Elmentve itt :
| Szerző: | |
|---|---|
| Dokumentumtípus: | Cikk |
| Megjelent: |
1964-03-13
|
| Sorozat: | Délmagyarország
54 No. 61 |
| Kulcsszavak: | Labdarúgás Szeged 1964, labdarúgás |
| Online Access: | http://dmarchiv.bibl.u-szeged.hu/70323 |
| LEADER | 00459nab a2200157 i 4500 | ||
|---|---|---|---|
| 001 | delm70323 | ||
| 005 | 20180927153747.0 | ||
| 008 | 180927s1964 hu o 0|| hun d | ||
| 040 | |a SZTE Délmagyarország Archívum |b hun | ||
| 041 | |a hun | ||
| 100 | 1 | |a Solti Mihály | |
| 245 | 1 | 0 | |a Kapunyitás előtt |h [elektronikus dokumentum] / |c Solti Mihály |
| 260 | |c 1964-03-13 | ||
| 300 | |a 6 | ||
| 490 | 0 | |a Délmagyarország |v 54 No. 61 | |
| 695 | |a Labdarúgás Szeged 1964, labdarúgás | ||